Concepts of Origenism from Late Antiquity to Modern Times : Freedom between Pre-existence and Apokatastasis (Record no. 45834)

MARC details
000 -LEADER
fixed length control field 00866nam a2200229Ia 4500
000 - LEADER
fixed length control field 01118naaa 00253uu
001 - CONTROL NUMBER
control field https://directory.doabooks.org/handle/20.500.12854/63287
005 - DATE AND TIME OF LATEST TRANSACTION
control field 20260218105610.0
008 - FIXED-LENGTH DATA ELEMENTS--GENERAL INFORMATION
fixed length control field 211013s9999 xx 000 0 und d
020 ## - INTERNATIONAL STANDARD BOOK NUMBER
International Standard Book Number 978-3-402-13735-2
024 ## - OTHER STANDARD IDENTIFIER
Standard number or code 10.17438/978-3-402-13735-2
042 ## - AUTHENTICATION CODE
Authentication code dc
245 #0 - TITLE STATEMENT
Title Concepts of Origenism from Late Antiquity to Modern Times : Freedom between Pre-existence and Apokatastasis
260 ## - PUBLICATION, DISTRIBUTION, ETC.
Name of publisher, distributor, etc. Aschendorff Verlag
Date of publication, distribution, etc. 2019
300 ## - PHYSICAL DESCRIPTION
Extent 1 electronic resource (11-44 p.)
540 ## - TERMS GOVERNING USE AND REPRODUCTION NOTE
Terms governing use and reproduction Creative Commons
653 ## - INDEX TERM--UNCONTROLLED
Uncontrolled term Origenism
700 1# - ADDED ENTRY--PERSONAL NAME
Personal name Furst, Alfons
856 ## - ELECTRONIC LOCATION AND ACCESS
Uniform Resource Identifier <a href="https://docs.google.com/spreadsheets/d/1yKIrdCPDAG_9c22mwoOIO2DOhtj65Wqa/edit?usp=sharing&ouid=106555315294820607512&rtpof=true&sd=true ">https://docs.google.com/spreadsheets/d/1yKIrdCPDAG_9c22mwoOIO2DOhtj65Wqa/edit?usp=sharing&ouid=106555315294820607512&rtpof=true&sd=true </a>
Link text List of Curated E-Books
942 ## - ADDED ENTRY ELEMENTS (KOHA)
Koha item type E-Book
Holdings
Withdrawn status Source of classification or shelving scheme Damaged status Not for loan Home library Current library Date acquired Total Checkouts Date last seen Price effective from Koha item type
  Library of Congress Classification   Not For Loan Directory of Open Access Books Directory of Open Access Books 12/22/2021   12/22/2021 12/22/2021 E-Book

University of Rizal System
Email us at univlibservices@urs.edu.ph

Visit our Website www.urs.edu.ph/library